00704nam a22002057a 450000500170000001000150001702000260003203500130005803700130007108200080008410000220009224500890011426000450020327000630024830000280031150000680033950000420040765000240044965000250047320140214144528.0 aENG-108537 a9780198092230c495.00 aEN-92070 bDBAD/PUB a250 aRaghuramaraju, A. aPhilosophy and india :bancestor, outsiders, and predecessors /cby A. Raghuramaraju aNew DelhibOxford University Pressc2013 aYMCA Library Building, 1 Jai Singh RoadbNew Delhie110001 axvii, 152p. c22cm (Hb) a Includes bibliographical references (pages 143-148) and index. a Articles; most previously published. a Philosophy, Indic. aBuddhist philosophy.